书目信息 |
| 题名: |
我爱中华
|
|
| 作者: | ;广西人民出版社 编 | |
| 分册: | ||
| 出版信息: | 南宁 广西人民出版社 1982 |
|
| 页数: | 189页 | |
| 开本: | 19cm | |
| 丛书名: | 青年修养丛书 | |
| 单 册: | ||
| 中图分类: | D432.62 | |
| 科图分类: | ||
| 主题词: | 青年工作--思想政治教育--中国 | |
| 电子资源: | ||
| ISBN: | ||
| 000 | 00700nam2 2200253 45 | |
| 001 | 0182009383 | |
| 005 | 20060722092148.81 | |
| 010 | @dCNY0.45 | |
| 091 | @a3113.288 | |
| 100 | @a19950420d1982 em y0chiy0121 ea | |
| 101 | 0 | @achi |
| 102 | @aCN@b450000 | |
| 105 | @ay z 000zy | |
| 200 | 10 | @a我爱中华@Awo ai zhong hua@f广西人民出版社编@FGuang Xi Ren Min Chu Ban She Bian |
| 210 | @a南宁@c广西人民出版社@d1982 | |
| 215 | @a189页@d19cm | |
| 225 | 2 | @a青年修养丛书 |
| 410 | 0 | @120010@a青年修养丛书 |
| 606 | 0 | @a青年工作@x思想政治教育@x中国 |
| 690 | @aD432.62@v3 | |
| 711 | 02 | @a广西人民出版社@4编 |
| 801 | 2 | @aCN@bNLC@c20060722 |
| 801 | 0 | @aCN@b上海图书馆@c20040420 |
| 905 | @dD432.62@e102 | |
| 我爱中华/广西人民出版社编.-南宁:广西人民出版社,1982 |
| 189页;19cm.-(青年修养丛书) |
| ISBN :CNY0.45 |
| ● |
| 相关链接 |
|
|
|
|
正题名:我爱中华
索取号:D432.62/102
 
预约/预借
| 序号 | 登录号 | 条形码 | 馆藏地/架位号 | 状态 | 备注 |
| 1 | 0171616 | 000481357 | 密集书库/ [索取号:D432.62/102] | 在馆 | |
| 2 | 0171617 | 002030965 | 密集书库/ [索取号:D432.62/102] | 在馆 | |
| 3 | 0171618 | 000481348 | 第一样本阅览室/ [索取号:D432.62/102] | 在馆 | |
| 4 | 0427358 | 204273589 | 密集书库/ [索取号:D432.62/102] | 在馆 |